Normal view
MARC view
Entry Personal Name
001 - CONTROL NUMBER
- control field: 6461
003 - CONTROL NUMBER IDENTIFIER
- control field: ARRUPE
005 - DATE AND TIME OF LATEST TRANSACTION
- control field: 20131220171802.0
008 - FIXED-LENGTH DATA ELEMENTS
- fixed length control field: 131220|| aca||aabn | a|a d
040 ## - CATALOGING SOURCE
- Original cataloging agency: ARRUPE
- Transcribing agency: ARRUPE
100 ## - HEADING--PERSONAL NAME
- Personal name: Golding, William,
- Dates associated with a name: 1911-1993.
670 ## - SOURCE DATA FOUND
- Source citation: Work cat.: (ARRUPE)0: Golding, William, 1911-1993., The scorpion god:, 1971.